Представление документа в формате RUSMARC

ПолеНазваниеЗначение
  Тип записи a
  Библиографический уровень a
001 Контрольный номер fed125f40c2f41cb823a039927f5eb91
005 Дата корректировки 20260218170748.9
100 Данные общей обработки __
a Данные общей обработки 20260218 ||| 0rusy0189 ca
101 Язык документа 0_
a Язык текста rus
102 Страна публикации __
a Страна публикации RU
200 Заглавие и сведения об ответственности 1_
a Заглавие Откуда они прилетают?
e Сведения, относящиеся к заглавию [крылатые выражения и их значение: "доброе слово лечит", "на воре и шапка горит", "зимой снега не выпросишь"]
g Последующие сведения об ответственности художник Алёна Кочурова
461 Уровень набора _0
1 2000
a Шишкин лес
463 Уровень физической единицы _0
1 2000
a № 1
v С. 18-19 : ил.
1 2101
d 2026
1 001b1e21e70af774f069bec951648ba564a
606 Тематические рубрики 0_
a Основная рубрика Русский язык. Лексикология
610 Ключевые слова 0_
a Ключевые слова русский язык, лексикология, фразеология, крылатые выражения, доброе слово лечит (фразеологизм), На воре и шапка горит (фразеологизм), зимой снега не выпросишь (фразеологизм)
686 Индексы других классификаций __
a Классификационный индекс 81.411.2-3
801 Источник записи _0
a Страна RU
b Организация УОБДЮ
c Дата составления 20260218
g Правила каталогизации RCR
801 Источник записи _1
a Страна RU
b Организация УОБДЮ
c Дата составления 20260218
g Правила каталогизации RCR
901 Тип документа __
t Тип документа b
w Контрольный № источника b1e21e70af774f069bec951648ba564a
905 Данные по созданию БЗ __
b Логин пользователя, который создал БЗ ibo4
909 Создатель записи __
a Создатель записи Бобылёва И.В.
910 Корректоры записи __
a Корректор записи Бобылёва И.В.